000 00685cab a22002175a 4500
001 L157630
008 130208e20130213xxk 000 0 eng d
035 _a(Sirsi) u157630
041 0 _aeng
100 1 _aDonnell, Richard
245 0 0 _aFocus
_bResidential
260 _c2013
490 _aEstates Gazette
_v(1305) 2 February 2013, 63-75(10)
520 _aIncludes information about the private rented sector, housing construction, developers seeking funding and a housing market prediction for the rest of 2013.
590 _aKA
651 4 _aUnited Kingdom
690 _aCommercial property
_96227
700 1 _aBlakeway, Richard
700 1 _aNorwood, Graham
942 _n0
999 _c84422
_d84422